[Event "EJCOA IM 4th"]
[Site "Newcastle upon Tyne"]
[Date "2022.10.24"]
[Round "1.1"]
[White "Wall, Gavin"]
[Black "Wadsworth, Matthew J"]
[Result "0-1"]
[WhiteElo "2300"]
[BlackElo "2467"]
[PlyCount "54"]
[EventDate "2022.10.24"]
[EventType "tourn"]
[EventRounds "9"]
[EventCountry "ENG"]

1. e4 e6 2. d4 d5 3. e5 c5 4. c3 Qb6 5. Nf3 Nc6 6. a3 c4 7. Nbd2 Na5 8. h4 Bd7
9. g3 Ne7 10. Bh3 h6 11. O-O Qc7 12. h5 O-O-O 13. Nh4 Kb8 14. f4 g6 15. Kh2 Nf5
16. Ng2 Be7 17. g4 Ng7 18. Ne3 gxh5 19. gxh5 f5 20. Rg1 Rdg8 21. Bg2 Be8 22.
Bf3 Bd8 23. Rg3 Nxh5 24. Bxh5 Rxg3 25. Kxg3 Rg8+ 26. Kh3 Qe7 27. Ng2 Qg7 0-1

[Event "EJCOA IM 4th"]
[Site "Newcastle upon Tyne"]
[Date "2022.10.24"]
[Round "1.2"]
[White "Makkar, Rajat"]
[Black "Berry, Neil"]
[Result "1-0"]
[WhiteElo "2399"]
[BlackElo "2240"]
[PlyCount "43"]
[EventDate "2022.10.24"]
[EventType "tourn"]
[EventRounds "9"]
[EventCountry "ENG"]

1. d4 Nf6 2. c4 e6 3. Nf3 d5 4. Nc3 Be7 5. Bf4 O-O 6. e3 Nbd7 7. c5 c6 8. b4 b6
9. h4 a5 10. a3 h6 11. Bd3 Ba6 12. Bxa6 Rxa6 13. b5 cxb5 14. c6 Qc8 15. c7 b4
16. Nb5 a4 17. Qc1 Ne4 18. Qc6 Nb8 19. cxb8=N Ra5 20. O-O g5 21. hxg5 hxg5 22.
Bc7 1-0

[Event "EJCOA IM 4th"]
[Site "Newcastle upon Tyne"]
[Date "2022.10.24"]
[Round "1.3"]
[White "Hollan, Martin"]
[Black "Willow, Jonah B"]
[Result "1/2-1/2"]
[WhiteElo "2350"]
[BlackElo "2395"]
[PlyCount "39"]
[EventDate "2022.10.24"]
[EventType "tourn"]
[EventRounds "9"]
[EventCountry "ENG"]

1. e4 c5 2. Nf3 e6 3. d4 cxd4 4. Nxd4 a6 5. Nc3 b5 6. Be2 Bb7 7. Bf3 Qc7 8. O-O
Nc6 9. Nxc6 dxc6 10. g3 e5 11. Qe2 Nf6 12. Nd1 Bc5 13. Be3 Bxe3 14. Nxe3 O-O
15. Rfd1 Rad8 16. a4 Qb6 17. Qe1 g6 18. axb5 axb5 19. Rxd8 Rxd8 20. Qa5 1/2-1/2

[Event "EJCOA IM 4th"]
[Site "Newcastle upon Tyne"]
[Date "2022.10.24"]
[Round "1.4"]
[White "Mannion, Stephen R"]
[Black "Barry, Colm"]
[Result "1-0"]
[WhiteElo "2237"]
[BlackElo "2234"]
[PlyCount "77"]
[EventDate "2022.10.24"]
[EventType "tourn"]
[EventRounds "9"]
[EventCountry "ENG"]

1. e4 c6 2. d4 d5 3. e5 c5 4. dxc5 e6 5. a3 Bxc5 6. Nf3 Nc6 7. b4 Bb6 8. Bd3
Nge7 9. O-O Ng6 10. Re1 Qc7 11. Bb2 Qe7 12. g3 a5 13. b5 Nb8 14. a4 Nd7 15.
Nbd2 Bc5 16. Nb3 b6 17. Nbd4 Qd8 18. c4 Bxd4 19. Nxd4 Bb7 20. Nc6 Bxc6 21. bxc6
Nc5 22. cxd5 Qxd5 23. Bb5 O-O 24. Qc2 Ne7 25. Rad1 Qf3 26. Rd6 Rfc8 27. Re3 Qf5
28. Qe2 Ra7 29. Ba3 Nd5 30. Bxc5 bxc5 31. Rf3 Qb1+ 32. Kg2 h6 33. Rd7 Rac7 34.
Rfxf7 Rxd7 35. cxd7 Rd8 36. Rf3 Qb4 37. Qc2 Nc7 38. Qg6 Qd4 39. Bd3 1-0

[Event "EJCOA IM 4th"]
[Site "Newcastle upon Tyne"]
[Date "2022.10.24"]
[Round "1.5"]
[White "Wall, Tim P"]
[Black "Burnett, Andrew"]
[Result "1-0"]
[WhiteElo "2290"]
[BlackElo "2233"]
[PlyCount "57"]
[EventDate "2022.10.24"]
[EventType "tourn"]
[EventRounds "9"]
[EventCountry "ENG"]

1. d4 c5 2. c3 d5 3. Nf3 Nf6 4. dxc5 e6 5. b4 a5 6. e3 axb4 7. cxb4 b6 8. Bb5+
Bd7 9. Bxd7+ Nbxd7 10. a4 bxc5 11. b5 Bd6 12. O-O O-O 13. Nbd2 c4 14. Nxc4 Bc7
15. Ncd2 e5 16. Ba3 Re8 17. e4 Nxe4 18. Nxe4 dxe4 19. Ng5 Qxg5 20. Qxd7 Bb6 21.
Bc1 Qd8 22. Qxd8 Rexd8 23. Be3 Bxe3 24. fxe3 Ra5 25. Rfc1 Rb8 26. b6 Kf8 27.
Rab1 Ke8 28. Rc7 Rxa4 29. b7 1-0

[Event "EJCOA IM 4th"]
[Site "Newcastle upon Tyne"]
[Date "2022.10.24"]
[Round "2.1"]
[White "Wadsworth, Matthew J"]
[Black "Burnett, Andrew"]
[Result "1/2-1/2"]
[WhiteElo "2467"]
[BlackElo "2233"]
[PlyCount "76"]
[EventDate "2022.10.24"]
[EventType "tourn"]
[EventRounds "9"]
[EventCountry "ENG"]

1. Nf3 g6 2. c4 Bg7 3. g3 e5 4. Nc3 Nc6 5. d3 d6 6. Bg2 h6 7. Rb1 a5 8. a3 Be6
9. b4 axb4 10. axb4 Qd7 11. b5 Nd8 12. h4 Nf6 13. e4 O-O 14. Be3 Ng4 15. h5
Nxe3 16. fxe3 Bg4 17. Nd5 Ra2 18. O-O Ne6 19. Qb3 Rxg2+ 20. Kxg2 Bh3+ 21. Kh2
Bxf1 22. Rxf1 Nc5 23. Qd1 c6 24. Nc3 Ra8 25. Nh4 Ra3 26. Qc1 Rb3 27. hxg6 fxg6
28. Qc2 Qg4 29. Na4 Rxd3 30. Ng2 Ra3 31. Nxc5 dxc5 32. bxc6 bxc6 33. Qb2 Rd3
34. Qb7 Rd2 35. Rf7 Qh5+ 36. Kg1 Rd1+ 37. Kf2 Rd2+ 38. Kg1 Rd1+ 1/2-1/2

[Event "EJCOA IM 4th"]
[Site "Newcastle upon Tyne"]
[Date "2022.10.24"]
[Round "2.2"]
[White "Barry, Colm"]
[Black "Wall, Tim P"]
[Result "1/2-1/2"]
[WhiteElo "2234"]
[BlackElo "2290"]
[PlyCount "122"]
[EventDate "2022.10.24"]
[EventType "tourn"]
[EventRounds "9"]
[EventCountry "ENG"]

1. e4 c5 2. Nf3 g6 3. c3 Bg7 4. d4 cxd4 5. cxd4 d5 6. exd5 Nf6 7. Bb5+ Nbd7 8.
d6 e6 9. Nc3 O-O 10. O-O a6 11. Bc4 Nb6 12. Bb3 Qxd6 13. Bg5 Nbd5 14. Re1 Bd7
15. Ne5 Bc6 16. Qf3 h6 17. Bh4 Nxc3 18. Nxc6 Qxc6 19. Qxc6 bxc6 20. bxc3 c5 21.
dxc5 Rfc8 22. Bxf6 Bxf6 23. Rac1 Rxc5 24. c4 Bd4 25. Red1 e5 26. Kf1 Rb8 27.
Rb1 Rb6 28. Ke2 Rf6 29. f3 g5 30. Rdc1 g4 31. Bc2 gxf3+ 32. gxf3 Ra5 33. a4 Rf4
34. Rb8+ Kg7 35. Rc8 Rh4 36. Rh1 Rc5 37. Rxc5 Bxc5 38. Bd3 Kf6 39. Kf1 Kg5 40.
Kg2 f5 41. Kg3 Bd6 42. Kg2 Kf4 43. h3 a5 44. Rb1 e4 45. fxe4 fxe4 46. Be2 Ke3
47. Bg4 h5 48. Bf5 Rf4 49. Rf1 Rxf1 50. Kxf1 Kf3 51. Bg6 h4 52. Bh5+ Kg3 53.
Bg4 Bc5 54. Ke2 Kf4 55. Bc8 Ke5 56. Bb7 Kd4 57. Bc6 e3 58. Bd5 Kc3 59. Be6 Kb3
60. Bd7 Kxc4 61. Be8 Kd4 1/2-1/2

[Event "EJCOA IM 4th"]
[Site "Newcastle upon Tyne"]
[Date "2022.10.24"]
[Round "2.3"]
[White "Willow, Jonah B"]
[Black "Mannion, Stephen R"]
[Result "1-0"]
[WhiteElo "2395"]
[BlackElo "2237"]
[PlyCount "100"]
[EventDate "2022.10.24"]
[EventType "tourn"]
[EventRounds "9"]
[EventCountry "ENG"]

1. Nf3 d5 2. g3 Bg4 3. Bg2 Nd7 4. c4 e6 5. cxd5 exd5 6. O-O Ngf6 7. d3 c6 8. h3
Bxf3 9. Bxf3 Bc5 10. Nd2 O-O 11. Bg2 Re8 12. e3 a5 13. Nf3 a4 14. Qc2 a3 15. b3
Bb4 16. Bd2 Qa5 17. Bxb4 Qxb4 18. Rfc1 Nb8 19. d4 Na6 20. Ne5 Qd6 21. Nd3 Nb4
22. Nxb4 Qxb4 23. Qc3 Qe7 24. Rab1 Ne4 25. Qc2 Qd7 26. b4 Nd6 27. Bf1 Rec8 28.
h4 b5 29. Bd3 g6 30. Qe2 Re8 31. h5 Nc4 32. Kg2 Re7 33. Rb3 Ra4 34. Rh1 Qd6 35.
Qg4 Qe6 36. Qf4 Nd2 37. Rc3 Nc4 38. Qh4 Raa7 39. Rcc1 Nd2 40. Qf4 Re8 41. Rh4
Ne4 42. Bxe4 dxe4 43. Rc5 Qxa2 44. Qf6 Qe6 45. Re5 Rae7 46. Rxe6 Rxe6 47. Qg5
a2 48. Rh1 Ra8 49. Ra1 f6 50. Qc5 Kf7 1-0

[Event "EJCOA IM 4th"]
[Site "Newcastle upon Tyne"]
[Date "2022.10.24"]
[Round "2.4"]
[White "Berry, Neil"]
[Black "Hollan, Martin"]
[Result "0-1"]
[WhiteElo "2240"]
[BlackElo "2350"]
[PlyCount "63"]
[EventDate "2022.10.24"]
[EventType "tourn"]
[EventRounds "9"]
[EventCountry "ENG"]

1. d4 Nf6 2. c4 e6 3. Nf3 b6 4. g3 Ba6 5. b3 Bb4+ 6. Bd2 Be7 7. Nc3 d5 8. cxd5
exd5 9. Bg2 c6 10. O-O Nbd7 11. a3 O-O 12. Bf4 Re8 13. b4 Bb7 14. Qb3 b5 15.
Ne5 Nxe5 16. dxe5 Nd7 17. e4 d4 18. Rad1 Nf8 19. Ne2 Ne6 20. Bh3 Bc8 21. Qc2
Nxf4 22. Nxf4 Bxh3 23. Nxh3 Rc8 24. Nf4 c5 25. Qb2 Qd7 26. Nd5 Bf8 27. f4 f5
28. exf6 Rxe4 29. Qa2 c4 30. Nc3 Re3 31. Qd2 Rd3 32. Qc2 0-1

[Event "EJCOA IM 4th"]
[Site "Newcastle upon Tyne"]
[Date "2022.10.24"]
[Round "2.5"]
[White "Wall, Gavin"]
[Black "Makkar, Rajat"]
[Result "0-1"]
[WhiteElo "2300"]
[BlackElo "2399"]
[PlyCount "76"]
[EventDate "2022.10.24"]
[EventType "tourn"]
[EventRounds "9"]
[EventCountry "ENG"]

1. e4 c5 2. Nf3 d6 3. d4 cxd4 4. Qxd4 Nc6 5. Bb5 Bd7 6. Bxc6 bxc6 7. e5 d5 8.
c4 e6 9. Nc3 Ne7 10. O-O Nf5 11. Qd3 Be7 12. b3 O-O 13. Bb2 a5 14. Rfd1 Qb8 15.
Rab1 Rd8 16. Nd4 Nxd4 17. Qxd4 c5 18. Qf4 d4 19. Ne4 f5 20. Nd6 Ra6 21. Ba3 Rc6
22. Rd3 Bf8 23. h4 Rxd6 24. exd6 Bxd6 25. Qg5 Re8 26. h5 Qc7 27. h6 g6 28. Re1
e5 29. Qf6 Bf8 30. Bc1 f4 31. g3 Bf5 32. Rdd1 Re6 33. Qh4 Be7 34. Qh1 fxg3 35.
fxg3 e4 36. Bf4 Qc6 37. Qg2 Bg4 38. Rd2 g5 0-1

[Event "EJCOA IM 4th"]
[Site "Newcastle upon Tyne"]
[Date "2022.10.25"]
[Round "3.1"]
[White "Makkar, Rajat"]
[Black "Wadsworth, Matthew J"]
[Result "0-1"]
[WhiteElo "2399"]
[BlackElo "2467"]
[PlyCount "90"]
[EventDate "2022.10.24"]
[EventType "tourn"]
[EventRounds "9"]
[EventCountry "ENG"]

1. d4 d5 2. c4 c6 3. Nc3 Nf6 4. e3 a6 5. Nf3 Bf5 6. Qb3 b5 7. cxd5 cxd5 8. a4
b4 9. Qxb4 Nc6 10. Qc5 Bd7 11. Ne5 e6 12. Nxc6 Qc7 13. Ne7 Qxc5 14. dxc5 Bxe7
15. b4 a5 16. bxa5 Bxc5 17. Bd2 Ke7 18. Bd3 Bb4 19. a6 Rhc8 20. Ne2 Bxd2+ 21.
Kxd2 Ne4+ 22. Bxe4 dxe4 23. Rhb1 Rxa6 24. Nc3 Rd6+ 25. Kc2 e5 26. Rb7 Ke8 27.
a5 Rf6 28. Rf1 Rfc6 29. Rb3 Be6 30. Ra3 Bc4 31. Rc1 f5 32. Kd2 Rd8+ 33. Ke1 Rg6
34. g3 Rh6 35. h4 g5 36. Nxe4 gxh4 37. gxh4 Ba6 38. Ng3 f4 39. Rc5 fxg3 40.
Rxe5+ Kf7 41. Rf5+ Ke6 42. Rg5 Rxh4 43. fxg3 Rh1+ 44. Kf2 Rf8+ 45. Kg2 Bb7+ 0-1

[Event "EJCOA IM 4th"]
[Site "Newcastle upon Tyne"]
[Date "2022.10.25"]
[Round "3.2"]
[White "Hollan, Martin"]
[Black "Wall, Gavin"]
[Result "1-0"]
[WhiteElo "2350"]
[BlackElo "2300"]
[PlyCount "39"]
[EventDate "2022.10.24"]
[EventType "tourn"]
[EventRounds "9"]
[EventCountry "ENG"]

1. e4 e5 2. Nf3 d6 3. d4 exd4 4. Nxd4 Nf6 5. Nc3 Be7 6. Be2 O-O 7. Bf4 Nc6 8.
Qd2 Nxd4 9. Qxd4 Be6 10. O-O-O a6 11. Qe3 Ng4 12. Bxg4 Bxg4 13. f3 Be6 14. h4
Qe8 15. h5 Bf6 16. Bg5 Bxc3 17. Qxc3 h6 18. Be3 Qa4 19. b3 Qxa2 20. Kd2 1-0

[Event "EJCOA IM 4th"]
[Site "Newcastle upon Tyne"]
[Date "2022.10.25"]
[Round "3.3"]
[White "Mannion, Stephen R"]
[Black "Berry, Neil"]
[Result "1/2-1/2"]
[WhiteElo "2237"]
[BlackElo "2240"]
[PlyCount "41"]
[EventDate "2022.10.24"]
[EventType "tourn"]
[EventRounds "9"]
[EventCountry "ENG"]

1. e4 e5 2. Nf3 Nc6 3. Bc4 Bc5 4. c3 Nf6 5. d4 exd4 6. e5 d5 7. Bb5 Ne4 8. cxd4
Bb6 9. Nc3 O-O 10. Be3 Bg4 11. h3 Bh5 12. Qc2 Ba5 13. O-O Bxf3 14. gxf3 Ng5 15.
Kg2 Bxc3 16. bxc3 Ne6 17. Bd3 Qh4 18. Rh1 Ne7 19. Rag1 f5 20. Kf1 b6 21. Qc1
1/2-1/2

[Event "EJCOA IM 4th"]
[Site "Newcastle upon Tyne"]
[Date "2022.10.25"]
[Round "3.4"]
[White "Wall, Tim P"]
[Black "Willow, Jonah B"]
[Result "0-1"]
[WhiteElo "2290"]
[BlackElo "2395"]
[PlyCount "36"]
[EventDate "2022.10.24"]
[EventType "tourn"]
[EventRounds "9"]
[EventCountry "ENG"]

1. d4 Nf6 2. Nc3 d5 3. Bf4 c5 4. e4 Nxe4 5. Nxe4 dxe4 6. dxc5 Nd7 7. b4 e5 8.
Be3 Be7 9. Bc4 O-O 10. Ne2 Kh8 11. O-O f5 12. Nc3 a5 13. a3 f4 14. Bd2 Nf6 15.
Be1 axb4 16. axb4 Rxa1 17. Qxa1 f3 18. g3 Qd7 0-1

[Event "EJCOA IM 4th"]
[Site "Newcastle upon Tyne"]
[Date "2022.10.25"]
[Round "3.5"]
[White "Burnett, Andrew"]
[Black "Barry, Colm"]
[Result "1-0"]
[WhiteElo "2233"]
[BlackElo "2234"]
[PlyCount "71"]
[EventDate "2022.10.24"]
[EventType "tourn"]
[EventRounds "9"]
[EventCountry "ENG"]

1. d4 d5 2. c4 c6 3. Nf3 Nf6 4. Nc3 dxc4 5. e4 b5 6. Be2 e6 7. O-O b4 8. e5
bxc3 9. exf6 cxb2 10. fxg7 Bxg7 11. Bxb2 O-O 12. Bxc4 Qa5 13. Ne5 Ba6 14. Qg4
h5 15. Qe2 Bxc4 16. Nxc4 Qf5 17. Ne5 Bxe5 18. dxe5 Nd7 19. Rfd1 Nb6 20. Rd3 Nd5
21. Rf3 Qh7 22. Rg3+ Kh8 23. Rg5 Nf4 24. Qf3 Rab8 25. Qxf4 f6 26. exf6 Rxb2 27.
h4 Rb7 28. Re1 Rb1 29. Rxb1 Qxb1+ 30. Kh2 Qb8 31. Rxh5+ Kg8 32. Re5 Kf7 33. g3
Rg8 34. Qe3 Qd6 35. Rg5 Rxg5 36. Qxg5 1-0

[Event "EJCOA IM 4th"]
[Site "Newcastle upon Tyne"]
[Date "2022.10.25"]
[Round "4.1"]
[White "Wadsworth, Matthew J"]
[Black "Barry, Colm"]
[Result "1-0"]
[WhiteElo "2467"]
[BlackElo "2234"]
[PlyCount "69"]
[EventDate "2022.10.24"]
[EventType "tourn"]
[EventRounds "9"]
[EventCountry "ENG"]

1. Nf3 f5 2. c4 Nf6 3. Nc3 d6 4. g3 e5 5. d4 e4 6. Nh4 c6 7. Bg5 Be7 8. e3 Na6
9. Qb3 Nc7 10. Be2 Rb8 11. Ng2 Be6 12. Nf4 Bf7 13. a4 a5 14. h4 O-O 15. h5 Qd7
16. Qd1 Ne6 17. Nxe6 Bxe6 18. d5 Bf7 19. Bh4 Qd8 20. h6 g6 21. g4 Nxg4 22. Bxe7
Qxe7 23. Bxg4 fxg4 24. Qd4 Be8 25. Nxe4 c5 26. Qg7+ Qxg7 27. hxg7 Kxg7 28. Nxd6
Bd7 29. e4 h5 30. e5 Bf5 31. O-O-O b6 32. e6 Kf6 33. Nxf5 Kxf5 34. e7 Rf7 35.
Rhe1 1-0

[Event "EJCOA IM 4th"]
[Site "Newcastle upon Tyne"]
[Date "2022.10.25"]
[Round "4.2"]
[White "Willow, Jonah B"]
[Black "Burnett, Andrew"]
[Result "0-1"]
[WhiteElo "2395"]
[BlackElo "2233"]
[PlyCount "94"]
[EventDate "2022.10.24"]
[EventType "tourn"]
[EventRounds "9"]
[EventCountry "ENG"]

1. e4 c5 2. Nf3 d6 3. d4 cxd4 4. Qxd4 e5 5. Qe3 Nc6 6. Bc4 Be7 7. Nc3 Nf6 8.
O-O O-O 9. h3 a6 10. a4 Qc7 11. Qe2 h6 12. Rd1 Be6 13. Nd5 Bxd5 14. Bxd5 Nxd5
15. Rxd5 f5 16. c3 Na5 17. exf5 Nb3 18. Rb1 Qc6 19. Rd1 Nxc1 20. Rbxc1 Rxf5 21.
Qd3 Raf8 22. Qd5+ R8f7 23. Qxc6 bxc6 24. Rc2 g5 25. c4 Bf8 26. Re1 c5 27. Re3
Bg7 28. Nh2 Rf4 29. Rb3 Rd4 30. Nf1 Rd1 31. Rd2 Rc1 32. Rc3 Ra1 33. g3 Rxa4 34.
Rxd6 Ra1 35. Ra3 Rb1 36. Rd2 e4 37. Kg2 Rf6 38. Ne3 Rb6 39. Rd8+ Kh7 40. Nd5
Re6 41. Nc7 Re7 42. Nd5 Rf7 43. Ne3 Rxb2 44. Nd1 Rc2 45. Re8 Bd4 46. Rxe4 Bxf2
47. Rc3 Rd2 0-1

[Event "EJCOA IM 4th"]
[Site "Newcastle upon Tyne"]
[Date "2022.10.25"]
[Round "4.3"]
[White "Berry, Neil"]
[Black "Wall, Tim P"]
[Result "1/2-1/2"]
[WhiteElo "2240"]
[BlackElo "2290"]
[PlyCount "79"]
[EventDate "2022.10.24"]
[EventType "tourn"]
[EventRounds "9"]
[EventCountry "ENG"]

1. d4 e6 2. c4 f5 3. g3 Nf6 4. Bg2 Be7 5. Nf3 d5 6. O-O Ne4 7. Nc3 O-O 8. Qc2
c6 9. Rb1 a5 10. a3 Nd7 11. b4 axb4 12. axb4 Nd6 13. c5 Nc4 14. Nd2 Nxd2 15.
Bxd2 e5 16. dxe5 Nxe5 17. Ra1 Rxa1 18. Rxa1 Nc4 19. Ra8 Kh8 20. Na4 Bf6 21. Bc3
g6 22. e3 Qe7 23. Nb2 Be6 24. Ra7 Ne5 25. Nd3 Nc4 26. Nf4 Bc8 27. Ne2 Kg8 28.
Bd4 Be6 29. Qc3 Bxd4 30. Nxd4 Qg7 31. Qa1 Bc8 32. Qa2 Qf6 33. Ra8 g5 34. Ne2
Qe5 35. Qa1 Qxa1+ 36. Rxa1 Ne5 37. Ra3 Nc4 38. Ra1 Ne5 39. Ra3 Nc4 40. Ra1
1/2-1/2

[Event "EJCOA IM 4th"]
[Site "Newcastle upon Tyne"]
[Date "2022.10.25"]
[Round "4.4"]
[White "Wall, Gavin"]
[Black "Mannion, Stephen R"]
[Result "1/2-1/2"]
[WhiteElo "2300"]
[BlackElo "2237"]
[PlyCount "28"]
[EventDate "2022.10.24"]
[EventType "tourn"]
[EventRounds "9"]
[EventCountry "ENG"]

1. e4 e5 2. Nf3 Nc6 3. Bc4 Bc5 4. c3 Nf6 5. d3 d6 6. b4 Bb6 7. a4 a5 8. b5 Ne7
9. Bg5 Ng6 10. Nh4 Nxh4 11. Bxh4 h6 12. Nd2 O-O 13. h3 c6 14. O-O Qe7 1/2-1/2

[Event "EJCOA IM 4th"]
[Site "Newcastle upon Tyne"]
[Date "2022.10.25"]
[Round "4.5"]
[White "Makkar, Rajat"]
[Black "Hollan, Martin"]
[Result "0-1"]
[WhiteElo "2399"]
[BlackElo "2350"]
[PlyCount "70"]
[EventDate "2022.10.24"]
[EventType "tourn"]
[EventRounds "9"]
[EventCountry "ENG"]

1. d4 Nf6 2. c4 e6 3. Nf3 d5 4. Nc3 Bb4 5. cxd5 exd5 6. Bg5 h6 7. Bh4 O-O 8. e3
c5 9. dxc5 Nbd7 10. Be2 Bxc3+ 11. bxc3 Nxc5 12. O-O Be6 13. Qd4 Nce4 14. Nd2
Nxd2 15. Qxd2 Ne4 16. Bxd8 Nxd2 17. Rfd1 Ne4 18. Ba5 Rfc8 19. c4 dxc4 20. Rd4
Nf6 21. a4 b6 22. Bb4 Rd8 23. Rxd8+ Rxd8 24. Kf1 Nd5 25. Be1 a5 26. Rb1 Rc8 27.
e4 Nb4 28. Bc3 Na2 29. Bd4 c3 30. Bd1 c2 31. Bxc2 Rxc2 32. Bxb6 Rc4 33. Bxa5
Rxa4 34. Bd2 Rxe4 35. f3 Bc4+ 0-1

[Event "EJCOA IM 4th"]
[Site "Newcastle upon Tyne"]
[Date "2022.10.26"]
[Round "5.1"]
[White "Hollan, Martin"]
[Black "Wadsworth, Matthew J"]
[Result "1/2-1/2"]
[WhiteElo "2350"]
[BlackElo "2467"]
[PlyCount "78"]
[EventDate "2022.10.24"]
[EventType "tourn"]
[EventRounds "9"]
[EventCountry "ENG"]

1. e4 c5 2. Nf3 e6 3. d4 cxd4 4. Nxd4 Nc6 5. Nc3 Qc7 6. Be3 a6 7. g4 b5 8. Nxc6
Qxc6 9. Qd2 b4 10. Ne2 Qxe4 11. Rg1 Qc4 12. Nf4 Qc7 13. O-O-O Bb7 14. Bb6 Qc6
15. Bg2 Qc8 16. Bxb7 Qxb7 17. Rge1 Be7 18. Bd4 Nf6 19. g5 Nd5 20. Nh5 O-O-O 21.
Bxg7 Rhg8 22. h4 Kb8 23. Bf6 Bxf6 24. Nxf6 Nxf6 25. Qf4+ Ka8 26. Qxf6 d5 27.
Qd4 Rc8 28. Qd3 a5 29. Kb1 a4 30. f4 Rc4 31. f5 b3 32. cxb3 axb3 33. fxe6 fxe6
34. axb3 Rc6 35. Rc1 Ra6 36. Rc7 Qb6 37. Rec1 Qa5 38. R1c5 Qe1+ 39. Rc1 Qa5
1/2-1/2

[Event "EJCOA IM 4th"]
[Site "Newcastle upon Tyne"]
[Date "2022.10.26"]
[Round "5.2"]
[White "Mannion, Stephen R"]
[Black "Makkar, Rajat"]
[Result "0-1"]
[WhiteElo "2237"]
[BlackElo "2399"]
[PlyCount "52"]
[EventDate "2022.10.24"]
[EventType "tourn"]
[EventRounds "9"]
[EventCountry "ENG"]

1. e4 c5 2. Nf3 d6 3. d4 cxd4 4. Nxd4 Nf6 5. Nc3 Nc6 6. Bg5 e6 7. Qd2 a6 8.
O-O-O Bd7 9. Kb1 h6 10. Be3 Ng4 11. Nxc6 Bxc6 12. Bf4 b5 13. Qe2 Nf6 14. e5 g5
15. Bg3 Nd7 16. exd6 Bg7 17. Nd5 Bxd5 18. Rxd5 O-O 19. Rd3 Nc5 20. Rf3 e5 21.
Qd1 Qa5 22. Rf5 Na4 23. Bxe5 Rae8 24. f4 gxf4 25. Bd3 Rxe5 26. Rxe5 Qb4 0-1

[Event "EJCOA IM 4th"]
[Site "Newcastle upon Tyne"]
[Date "2022.10.26"]
[Round "5.3"]
[White "Wall, Tim P"]
[Black "Wall, Gavin"]
[Result "1/2-1/2"]
[WhiteElo "2290"]
[BlackElo "2300"]
[PlyCount "94"]
[EventDate "2022.10.24"]
[EventType "tourn"]
[EventRounds "9"]
[EventCountry "ENG"]

1. d4 f5 2. Bf4 Nf6 3. e3 d6 4. Nc3 g6 5. h4 h6 6. Qf3 c6 7. Bc4 e6 8. O-O-O
Rg8 9. Nh3 d5 10. Bd3 Qa5 11. Kb1 Na6 12. Be5 Ng4 13. Nf4 Bd7 14. h5 Nxe5 15.
dxe5 g5 16. Ng6 Ba3 17. Ne2 Qb4 18. b3 Nc5 19. c3 Qb6 20. Bc2 Ne4 21. g4 O-O-O
22. Qg2 Kb8 23. f3 Nc5 24. Qg3 fxg4 25. Qxg4 Na6 26. f4 Qxe3 27. fxg5 Be8 28.
gxh6 Qxh6 29. Qf4 Qh7 30. Qf6 Qd7 31. Nef4 Bxg6 32. Nxg6 Nc5 33. h6 Qh7 34. Nf8
Qc7 35. h7 Rgxf8 36. h8=Q Rxh8 37. Rxh8 Rxh8 38. Qxh8+ Qc8 39. Qf6 a5 40. Rh1
Ka7 41. Rh8 Qc7 42. Rh7 Nd7 43. Qf2+ c5 44. Bg6 Qxe5 45. Rxd7 Qg5 46. Rxb7+
Kxb7 47. Qf7+ Kb8 1/2-1/2

[Event "EJCOA IM 4th"]
[Site "Newcastle upon Tyne"]
[Date "2022.10.26"]
[Round "5.5"]
[White "Barry, Colm"]
[Black "Willow, Jonah B"]
[Result "0-1"]
[WhiteElo "2234"]
[BlackElo "2395"]
[PlyCount "76"]
[EventDate "2022.10.24"]
[EventType "tourn"]
[EventRounds "9"]
[EventCountry "ENG"]

1. e4 c5 2. c3 Nf6 3. e5 Nd5 4. d4 cxd4 5. Nf3 g6 6. cxd4 Bg7 7. Qb3 Nb6 8. Be2
O-O 9. O-O d6 10. Nc3 Nc6 11. Rd1 Bg4 12. h3 Bxf3 13. Bxf3 dxe5 14. Bxc6 bxc6
15. dxe5 Qc8 16. f4 Rb8 17. Qa3 Qc7 18. Qc5 g5 19. b3 Rbe8 20. g3 gxf4 21. gxf4
Qc8 22. Qe3 Qf5 23. Kh2 Rd8 24. Ba3 Qc2+ 25. Kh1 Rxd1+ 26. Rxd1 Nd5 27. Rxd5
cxd5 28. Bxe7 Rc8 29. Bb4 Kh8 30. Qd4 Rg8 31. Be7 Qc1+ 32. Kh2 Qb2+ 33. Kh1 Rc8
34. Bb4 a5 35. Bxa5 Rg8 36. Bb6 Bf6 37. Qf2 Qxc3 38. exf6 Qxh3+ 0-1

[Event "EJCOA IM 4th"]
[Site "Newcastle upon Tyne"]
[Date "2022.10.26"]
[Round "6.1"]
[White "Wadsworth, Matthew J"]
[Black "Willow, Jonah B"]
[Result "1/2-1/2"]
[WhiteElo "2467"]
[BlackElo "2395"]
[PlyCount "41"]
[EventDate "2022.10.24"]
[EventType "tourn"]
[EventRounds "9"]
[EventCountry "ENG"]

1. c4 c5 2. g3 g6 3. Bg2 Bg7 4. Nc3 Nc6 5. Nf3 e6 6. h4 h6 7. d4 Nxd4 8. Nxd4
cxd4 9. Ne4 d5 10. Qa4+ Kf8 11. Qa3+ Qe7 12. Nd6 Nf6 13. Bd2 Kg8 14. Bb4 Bf8
15. O-O dxc4 16. Ne4 Qxb4 17. Nxf6+ Kg7 18. Ne8+ Kh7 19. Nf6+ Kg7 20. Ne8+ Kh7
21. Nf6+ 1/2-1/2

[Event "EJCOA IM 4th"]
[Site "Newcastle upon Tyne"]
[Date "2022.10.26"]
[Round "6.2"]
[White "Berry, Neil"]
[Black "Barry, Colm"]
[Result "1/2-1/2"]
[WhiteElo "2240"]
[BlackElo "2234"]
[PlyCount "91"]
[EventDate "2022.10.24"]
[EventType "tourn"]
[EventRounds "9"]
[EventCountry "ENG"]

1. d4 d5 2. c4 c6 3. Nc3 Nf6 4. e3 e6 5. Nf3 Be7 6. Bd3 Nbd7 7. b3 O-O 8. O-O
a6 9. Bb2 Re8 10. Qc2 Bd6 11. Rad1 Qe7 12. e4 dxc4 13. bxc4 e5 14. c5 Bc7 15.
Na4 exd4 16. h3 Nxe4 17. Rfe1 f5 18. Bxd4 Ndf6 19. Nc3 h6 20. Nd2 Be5 21. Bxe5
Qxe5 22. Ncxe4 fxe4 23. Nxe4 Kf8 24. Nxf6 Qxf6 25. Rxe8+ Kxe8 26. Bg6+ Kf8 27.
Qe4 Be6 28. Rd6 Qa1+ 29. Kh2 Bd5 30. Qf5+ Kg8 31. Rd7 Qf6 32. Qxf6 gxf6 33. a3
Rb8 34. g4 b6 35. cxb6 Rxb6 36. Ra7 Bc4 37. Be4 c5 38. Rc7 Rb5 39. a4 Ra5 40.
Bc2 Bf7 41. Rc8+ Kg7 42. Rc7 Kf8 43. Rc8+ Kg7 44. Rc7 Kf8 45. Rc8+ Kg7 46. Rc7
1/2-1/2

[Event "EJCOA IM 4th"]
[Site "Newcastle upon Tyne"]
[Date "2022.10.26"]
[Round "6.4"]
[White "Makkar, Rajat"]
[Black "Wall, Tim P"]
[Result "1/2-1/2"]
[WhiteElo "2399"]
[BlackElo "2290"]
[PlyCount "90"]
[EventDate "2022.10.24"]
[EventType "tourn"]
[EventRounds "9"]
[EventCountry "ENG"]

1. d4 Nf6 2. c4 c5 3. d5 b5 4. cxb5 a6 5. bxa6 g6 6. Nc3 Bg7 7. e4 O-O 8. Bc4
Qa5 9. a7 Rxa7 10. Bd2 Ba6 11. b3 Qb6 12. Nf3 e6 13. O-O exd5 14. exd5 Ne8 15.
Rc1 Bxc4 16. bxc4 Nd6 17. Bf4 Nxc4 18. Rb1 Qa6 19. Qb3 Ra8 20. Nb5 Qxa2 21.
Qxa2 Rxa2 22. Rfc1 Ra4 23. Nc3 Rb4 24. Rxb4 cxb4 25. Na4 Nb2 26. Nxb2 Bxb2 27.
Rc4 Na6 28. Bd6 Ra8 29. Kf1 Bc3 30. Ne1 Re8 31. Nd3 f5 32. f3 Re3 33. Nxb4 Nxb4
34. Bxb4 Bxb4 35. Rxb4 Rd3 36. Rb5 Rd2 37. h4 Kf7 38. g3 Ke7 39. h5 gxh5 40.
Rb6 f4 41. gxf4 Rxd5 42. Rh6 Rf5 43. Rxh7+ Ke6 44. Kf2 d6 45. Ke3 d5 1/2-1/2

[Event "EJCOA IM 4th"]
[Site "Newcastle upon Tyne"]
[Date "2022.10.26"]
[Round "6.5"]
[White "Hollan, Martin"]
[Black "Mannion, Stephen R"]
[Result "1-0"]
[WhiteElo "2350"]
[BlackElo "2237"]
[PlyCount "69"]
[EventDate "2022.10.24"]
[EventType "tourn"]
[EventRounds "9"]
[EventCountry "ENG"]

1. d4 d5 2. Nf3 Nf6 3. c4 dxc4 4. e3 e6 5. Bxc4 c5 6. O-O a6 7. Be2 cxd4 8.
Nxd4 Bc5 9. Qc2 Nbd7 10. Rd1 O-O 11. Nc3 Qe7 12. b3 Rd8 13. Bb2 Bd6 14. Rd2 Ne5
15. Rad1 Bc7 16. Nb1 Ba5 17. Nf5 exf5 18. Rxd8+ Bxd8 19. Bxe5 Be6 20. Qb2 Qb4
21. Bf3 Be7 22. Qc3 Qb6 23. Bd4 Qb5 24. Qc7 Kf8 25. Nc3 Qb4 26. Qxb7 Rc8 27.
Qxa6 Rxc3 28. Bxc3 Qxc3 29. Qa8+ Qc8 30. Qxc8+ Bxc8 31. a4 Ne4 32. Bxe4 fxe4
33. Rc1 Be6 34. a5 Bb4 35. a6 1-0